| 000 | 00535nam a22001577a 4500 | ||
|---|---|---|---|
| 003 | NUST | ||
| 082 | _a621 | ||
| 100 |
_a ZAMAN, AHSAN _9122256 |
||
| 245 |
_aNumerical Analysis of Compression Ignition Engine using Ethanol Blends / _cAHSAN ZAMAN |
||
| 264 |
_aIslamabad: _bSMME- NUST. _c2020. |
||
| 300 |
_a50p. ; _bSoft Copy, _c30cm. |
||
| 650 |
_aMS Mechanical Engineering _9119495 |
||
| 700 |
_aSupervisor : DR SAMIUR RAHMAN SHAH _9120102 |
||
| 856 | _uhttp://10.250.8.41:8080/xmlui/handle/123456789/35388 | ||
| 942 |
_2ddc _cTHE |
||
| 999 |
_c608772 _d608772 |
||